000 00384nam a2200145Ia 4500
008 230917s9999||||xx |||||||||||||| ||und||
040 _e106620
_aMAIN
041 _aEnglish
082 _a526.0285 C554A
100 _aClarke, Keith C.
245 0 _aAnalytical and computer cartography
260 _aNew Jersey
_bA Pearson Education Company
_c1955
300 _a334p p.
942 _cBK
999 _c110803
_d110803